000 00338nam a2200133Ia 4500
008 240624s9999 xx 000 0 und d
041 _aeng
082 _a338.47 BAT
100 _aBATAT WIDED
245 _aNEW LUXURY EXPERIENCE CREATING THE ULTIM
260 _c2019
_aSwitzerland
_bSpringer
300 _a240p. ;23cm.
365 _cERU
_b33
999 _c32775
_d32775